9. La Corriente - Bad Bunny ft. Tony Dize - Estadísticas

Estadísticas generales
  • Esta prueba ha sido intentada 14 veces
  • La puntuación promedio es 273 de 393
Estadísticas de respuestas
Hint Respuesta % Correcto
Intro La
100%
la
100%
'la
100%
di
90%
diferente
90%
'e
90%
en
90%
eres
90%
lo
90%
lo'
90%
no
90%
(no,
90%
no)
90%
no,
90%
No
90%
otra',
90%
otra,
90%
te
90%
90%
tú,
90%
tu
90%
90%
a
80%
así,
80%
así
80%
Verso Baby,
80%
baby
80%
be-be-be-be
80%
besar,
80%
besar
80%
como
80%
con
80%
corriente
80%
80%
de
80%
es
80%
gana,
80%
gana
80%
Hace'
80%
Hace
80%
hace'
80%
hace
80%
las
80%
má'
80%
me
80%
mi
80%
mirando
80%
mirando,
80%
pa
80%
Pa'
80%
pa'
80%
que
80%
qué
80%
se
80%
Se
80%
seas
80%
si
80%
Si
80%
sigues
80%
sin
80%
to'
80%
ve
80%
ve,
80%
vo'a
80%
y
80%
Y
80%
90
70%
ah-ah-ah
70%
bad
70%
Bad
70%
chi-
70%
chico,
70%
cuenta,
70%
cuenta
70%
dame
70%
Dize
70%
Dize,
70%
el
70%
Ella
70%
ella
70%
enseñe',
70%
está
70%
le
70%
melodía
70%
mienta',
70%
Estribillo Porque
70%
Quiero
70%
quiero
70%
rato
70%
sabe
70%
sea'
70%
señal,
70%
teacher,
70%
ti
70%
tonto,
70%
treinta
70%
un
70%
va'
70%
va
70%
violenta,
70%
violenta
70%
ya
70%
bitch,
60%
comentan
60%
contra
60%
culo
60%
je
60%
llama,
60%
llama
60%
loca,
60%
Loca
60%
mamártela
60%
película
60%
pensar
60%
Estribillo Pero
60%
pero
60%
perreo
60%
pichea'
60%
pues
60%
sale
60%
Sale
60%
siempre
60%
Siempre
60%
Una
60%
una
60%
vida
60%
yo
60%
agridulce
50%
Ahora
50%
amiga
50%
calle,
50%
calle
50%
carita
50%
contigo
50%
(eh-eh)
50%
Esa
50%
Verso Ey,
50%
ey
50%
(ey,
50%
ey)
50%
ey,
50%
girl
50%
hora
50%
invítala,
50%
llegada,
50%
lleve
50%
menta
50%
nada,
50%
noche,
50%
quiera
50%
renta
50%
Sube
50%
tarde
50%
tengo
50%
Toni
50%
vivas
50%
Viviendo
50%
Bunny
40%
candela'
40%
colombiana,
40%
dejarse
40%
dicen
40%
ese
40%
hacer
40%
mejor
40%
ola,
40%
prendía'
40%
quiere,
40%
soltera
40%
Tiene
40%
tienta,
40%
ver
40%
vive
40%
volver
40%
Outro Yeah
40%
yeah,
40%
anda
30%
bailando
30%
bajo
30%
buscarse
30%
cancha
30%
dejó
30%
disco
30%
fuera'
30%
hombre
30%
menos
30%
necesita
30%
parce'
30%
Parece
30%
pitcher,
30%
prefiere
30%
rompértela
30%
solas
30%
switcher,
30%
to's
30%
Lowkey,
20%
(oh-oh)
20%
picky,
20%
vez
20%
eh-eh
10%
enfangarse,
10%
ticket
10%
tocarse
10%
wachartela
10%
No se encontraron pruebas coincidentes
Distribución de puntuación
Porcentaje de gente con cada puntuación
Porcentaje por número respondido
Historial de tus puntuaciones
No has intentado esta prueba.